[Event "Budapest FS08 GM"]
[Site "Budapest"]
[Date "2023.08.05"]
[Round "1"]
[White "Levine, Joseph1111"]
[Black "Kojima, Shinya"]
[Result "1/2-1/2"]
[WhiteElo "2371"]
[BlackElo "2308"]
[PlyCount "117"]
[EventDate "2023.08.05"]
[EventType "tourn"]
[EventRounds "9"]
[EventCountry "HUN"]
[EventCategory "7"]
[SourceTitle "CBM 215 Extra"]
[Source "ChessBase"]
[SourceDate "2023.09.30"]
[SourceVersion "1"]
[SourceVersionDate "2023.09.30"]
[SourceQuality "1"]

1. e4 c6 2. Nf3 d5 3. d3 g6 4. e5 Bg4 5. c3 c5 6. Nbd2 Nc6 7. h3 Bxf3 8. Nxf3 e6 9. d4 cxd4 10. cxd4 Qa5+ 11. Bd2 Bb4 12. a3 Bxd2+ 13. Qxd2 Qxd2+ 14. Kxd2 Nge7 15. Bb5 a6 16. Ba4 Rc8 17. Kd3 b5 18. Bd1 Na5 19. b3 Kd7 20. Kd2 Rc7 21. Rc1 Nac6 22. g4 h5 23. Be2 Na5 24. Rxc7+ Kxc7 25. Rc1+ Kd7 26. Rc3 hxg4 27. hxg4 Nec6 28. a4 bxa4 29. bxa4 Ra8 30. Ke3 Ke7 31. Ng5 Ra7 32. f4 Nb4 33. Rc8 Nac6 34. Bd1 Nd8 35. a5 Nbc6 36. Ba4 Nxa5 37. f5 gxf5 38. gxf5 exf5 39. Nxf7 Nc4+ 40. Kf3 Ne6 41. Nh6 Nxd4+ 42. Kf4 Ke6 43. Bd1 a5 44. Rg8 Nxe5 45. Re8+ Kf6 46. Ng8+ Kf7 47. Rxe5 Kxg8 48. Rxd5 Ne6+ 49. Kxf5 Ng7+ 50. Kf6 Ra6+ 51. Ke7 a4 52. Bc2 Ra7+ 53. Rd7 Rxd7+ 54. Kxd7 a3 55. Bb3+ Kf8 56. Kc6 Nf5 57. Kb5 Nd4+ 58. Ka4 Nxb3 59. Kxa3 1/2-1/2

[Event "Tokyo Qual for Asian Games"]
[Site "Tokyo"]
[Date "2022.03.26"]
[Round "5"]
[White "Yamada, Kohei"]
[Black "Kojima, Shinya"]
[Result "0-1"]
[WhiteElo "2280"]
[BlackElo "2499"]
[PlyCount "62"]
[EventDate "2022.03.26"]
[EventType "tourn"]
[EventRounds "10"]
[EventCountry "JPN"]
[EventCategory "2"]
[SourceTitle "CBM 207 Extra"]
[Source "ChessBase"]
[SourceDate "2022.05.31"]
[SourceVersion "1"]
[SourceVersionDate "2022.05.31"]
[SourceQuality "1"]

1. e4 e5 2. Nf3 Nc6 3. Bc4 Nf6 4. d3 Bc5 5. c3 a6 6. 0-0 d6 7. a4 Ba7 8. Re1 0-0 9. h3 h6 10. Nbd2 Re8 11. b4 Be6 12. Bxe6 Rxe6 13. Bb2 Nh5 14. Nf1 Rg6 15. Bc1 Qf6 16. N1h2 Nf4 17. Ng4 Nxh3+ 18. gxh3 h5 19. Bg5 Rxg5 20. Nxg5 Qxg5 21. Qf3 hxg4 22. hxg4 Re8 23. Ra2 Re6 24. Qf5 Rg6 25. Qxg5 Rxg5 26. Kf1 Rxg4 27. b5 Nd8 28. bxa6 bxa6 29. Rb1 a5 30. Rb5 Bb6 31. Rc2 Ne6 0-1

[Event "Budapest Vezerkepzo Christmas GM"]
[Site "Budapest"]
[Date "2022.01.04"]
[Round "9"]
[White "Kojima, Shinya"]
[Black "Avinash, Ramesh"]
[Result "1/2-1/2"]
[WhiteElo "2392"]
[BlackElo "2391"]
[PlyCount "111"]
[EventDate "2021.12.26"]
[EventType "tourn"]
[EventRounds "9"]
[EventCountry "HUN"]
[EventCategory "6"]
[SourceTitle "EXT 2023"]
[Source "ChessBase"]
[SourceDate "2022.10.05"]
[SourceVersion "1"]
[SourceVersionDate "2022.10.05"]
[SourceQuality "1"]

1. d4 Nf6 2. c4 g6 3. Nf3 Bg7 4. Nc3 d5 5. Bg5 dxc4 6. e4 c5 7. Bxc4 Qa5 8. 0-0 cxd4 9. Bb5+ Nc6 10. Qxd4 0-0 11. Bxc6 bxc6 12. e5 Nd7 13. Bxe7 Re8 14. Qh4 Nxe5 15. Nxe5 Qxe5 16. Rfe1 Qh5 17. Bf6 Rxe1+ 18. Rxe1 Qxh4 19. Re8+ Bf8 20. Bxh4 Bb7 21. Rxa8 Bxa8 22. Bg5 Bb7 23. Be3 a6 24. Kf1 f5 25. Ke2 Kf7 26. Na4 Bc8 27. Kd3 Be6 28. b3 Bd5 29. f3 Bd6 30. h3 Ke6 31. Bc5 Bh2 32. Bb6 Bd6 33. Bc5 Bh2 34. Bb4 Bg1 35. Bd2 c5 36. Be3 Bxe3 37. Kxe3 Kd6 38. Nb2 a5 39. h4 Ke5 40. Nd3+ Kd6 41. Nb2 Ke5 42. f4+ Kd6 43. g3 Kc6 44. Kd2 Kd6 45. Kc3 Kc7 46. Nd3 Kd6 47. Ne5 Kc7 48. Nd3 Kd6 49. Nf2 Be6 50. Nh3 Kc6 51. Ng5 Bg8 52. Nf3 Kd6 53. Ne5 Be6 54. Nf3 Bd5 55. Nd2 Be6 56. Nf3 1/2-1/2

[Event "Budapest Vezerkepzo Christmas GM"]
[Site "Budapest"]
[Date "2021.12.29"]
[Round "4"]
[White "Pechac, Jergus"]
[Black "Kojima, Shinya"]
[Result "1-0"]
[WhiteElo "2584"]
[BlackElo "2392"]
[PlyCount "67"]
[EventDate "2021.12.26"]
[EventType "tourn"]
[EventRounds "9"]
[EventCountry "HUN"]
[EventCategory "6"]
[SourceTitle "EXT 2023"]
[Source "ChessBase"]
[SourceDate "2022.10.05"]
[SourceVersion "1"]
[SourceVersionDate "2022.10.05"]
[SourceQuality "1"]

1. d4 d5 2. c4 e6 3. Nf3 Nf6 4. Nc3 c6 5. Bg5 Nbd7 6. e3 Qa5 7. Nd2 Bb4 8. Rc1 Ne4 9. Ncxe4 dxe4 10. c5 f6 11. Bh4 b6 12. cxb6 c5 13. a3 Bxd2+ 14. Qxd2 axb6 15. Bg3 Qxd2+ 16. Kxd2 Ke7 17. Bb5 Ra7 18. Bc6 cxd4 19. exd4 Rd8 20. Ke3 f5 21. Bxd7 Kxd7 22. Be5 Ba6 23. h4 Rc8 24. Rxc8 Kxc8 25. Rc1+ Kd8 26. Rc6 Rb7 27. Rxe6 Bb5 28. Rd6+ Ke7 29. Kf4 Bd3 30. h5 h6 31. Rc6 Kf7 32. d5 b5 33. Rg6 Kf8 34. d6 1-0

[Event "Budapest Vezerkepzo GM 12"]
[Site "Budapest"]
[Date "2021.12.23"]
[Round "9"]
[White "Nagy, Gabor"]
[Black "Kojima, Shinya"]
[Result "1/2-1/2"]
[WhiteElo "2527"]
[BlackElo "2392"]
[PlyCount "35"]
[EventDate "2021.12.15"]
[EventType "tourn"]
[EventRounds "9"]
[EventCountry "HUN"]
[EventCategory "6"]
[SourceTitle "CBM 205 Extra"]
[Source "ChessBase"]
[SourceDate "2022.01.31"]
[SourceVersion "1"]
[SourceVersionDate "2022.01.31"]
[SourceQuality "1"]

1. c4 c6 2. Nf3 d5 3. e3 Nf6 4. Nc3 e6 5. d4 Nbd7 6. Be2 Bd6 7. b3 0-0 8. 0-0 b6 9. Bb2 Bb7 10. Bd3 Re8 11. Rc1 Qe7 12. Qe2 Rad8 13. Rfd1 c5 14. cxd5 exd5 15. Bf5 Ne4 16. dxc5 Nxc3 17. Bxc3 bxc5 18. Ba5 1/2-1/2

[Event "Budapest Vezerkepzo GM 12"]
[Site "Budapest"]
[Date "2021.12.18"]
[Round "4"]
[White "Kojima, Shinya"]
[Black "Avinash, Ramesh"]
[Result "1/2-1/2"]
[WhiteElo "2392"]
[BlackElo "2391"]
[PlyCount "52"]
[EventDate "2021.12.15"]
[EventType "tourn"]
[EventRounds "9"]
[EventCountry "HUN"]
[EventCategory "6"]
[SourceTitle "CBM 205 Extra"]
[Source "ChessBase"]
[SourceDate "2022.01.31"]
[SourceVersion "1"]
[SourceVersionDate "2022.01.31"]
[SourceQuality "1"]

1. d4 Nf6 2. g3 g6 3. Nf3 Bg7 4. c4 d5 5. Bg2 dxc4 6. Na3 c5 7. 0-0 0-0 8. Nxc4 Be6 9. b3 Nc6 10. Bb2 cxd4 11. Nxd4 Nxd4 12. Qxd4 Qxd4 13. Bxd4 Nd5 14. Bxg7 Kxg7 15. Na5 Rac8 16. Nxb7 Rc2 17. Rfc1 Rfc8 18. Rxc2 Rxc2 19. Nd8 Nc3 20. Nxe6+ fxe6 21. Kf1 Nxe2 22. Re1 Nd4 23. Re4 Rc1+ 24. Re1 Rc2 25. Re4 Rc1+ 26. Re1 Rc2 1/2-1/2

[Event "Budapest Vezerkepzo GM 12"]
[Site "Budapest"]
[Date "2021.12.17"]
[Round "3"]
[White "Ajay Krishna, S."]
[Black "Kojima, Shinya"]
[Result "1-0"]
[WhiteElo "2401"]
[BlackElo "2392"]
[PlyCount "67"]
[EventDate "2021.12.15"]
[EventType "tourn"]
[EventRounds "9"]
[EventCountry "HUN"]
[EventCategory "6"]
[SourceTitle "CBM 205 Extra"]
[Source "ChessBase"]
[SourceDate "2022.01.31"]
[SourceVersion "1"]
[SourceVersionDate "2022.01.31"]
[SourceQuality "1"]

1. d4 d5 2. c4 e6 3. Nf3 Nf6 4. g3 Be7 5. Bg2 0-0 6. 0-0 c6 7. Qc2 b6 8. Ne5 Bb7 9. Nc3 Nbd7 10. e4 Nxe5 11. dxe5 Nxe4 12. Nxe4 dxe4 13. Bxe4 h6 14. Qe2 Qc7 15. Bc2 c5 16. Qd3 f5 17. exf6 Rxf6 18. Qh7+ Kf7 19. Bd2 Bd6 20. Rae1 Be5 21. Rxe5 Qxe5 22. Bc3 Qh5 23. Bxf6 Kxf6 24. Rd1 Rf8 25. f3 Rf7 26. Qd3 Qe5 27. f4 Qc7 28. Qg6+ Ke7 29. Be4 Bxe4 30. Qxe4 Kf6 31. Qa8 e5 32. fxe5+ Qxe5 33. Qc6+ Ke7 34. Rd7+ 1-0

[Event "Budapest FS12 GM"]
[Site "Budapest"]
[Date "2021.12.11"]
[Round "7"]
[White "Kojima, Shinya"]
[Black "Nagy, Gabor"]
[Result "0-1"]
[WhiteElo "2392"]
[BlackElo "2527"]
[PlyCount "84"]
[EventDate "2021.12.04"]
[EventType "tourn"]
[EventRounds "9"]
[EventCountry "HUN"]
[EventCategory "7"]
[SourceTitle "CBM 205 Extra"]
[Source "ChessBase"]
[SourceDate "2022.01.31"]
[SourceVersion "1"]
[SourceVersionDate "2022.01.31"]
[SourceQuality "1"]

1. d4 Nf6 2. Nf3 b6 3. g3 Bb7 4. Bg2 g6 5. 0-0 Bg7 6. c4 0-0 7. b3 c5 8. Bb2 cxd4 9. Qxd4 d6 10. Nc3 Nbd7 11. Rfd1 Rc8 12. Rac1 Rc5 13. Ne1 Bxg2 14. Nxg2 Nd5 15. Qd2 Nxc3 16. Bxc3 Bxc3 17. Rxc3 Nf6 18. f3 Qc7 19. e4 b5 20. Rdc1 Rc8 21. Ne3 a5 22. R3c2 Qb6 23. Kg2 a4 24. b4 R5c6 25. cxb5 Qxb5 26. Rxc6 Rxc6 27. Rxc6 Qxc6 28. Qc2 Qb5 29. Qc4 Qe5 30. b5 Qb2+ 31. Kh3 Qf2 32. Nd5 Nxd5 33. exd5 a3 34. Qc8+ Kg7 35. Qc3+ f6 36. Qc4 h5 37. f4 Kh6 38. Qe4 Qf1+ 39. Qg2 Qxb5 40. Qf3 Qc4 41. Qe3 Qf1+ 42. Kh4 Qg2 0-1